|
|
|
|
| LEADER |
00000nas a2200000 4500 |
| 001 |
ssj0012665 |
| 003 |
WaSeSS |
| 005 |
20200512172242.0 |
| 006 |
m d |
| 007 |
cr n |
| 008 |
750921c19459999dcufr p s 0 a0eng |
| 010 |
|
|
|a 52019281
|
| 016 |
|
|
|a (AMICUS)000000090254
|
| 016 |
7 |
|
|a 19720010R
|2 DNLM
|
| 016 |
7 |
|
|a P19020000
|2 DNLM
|
| 016 |
7 |
|
|a 007867099
|2 Uk
|
| 022 |
|
|
|l 0032-468X
|y 0032-468X
|
| 030 |
|
|
|a POPBA3
|
| 030 |
|
|
|a PPTBAU
|
| 035 |
|
|
|a (WaSeSS)ssj0012665
|
| 040 |
|
|
|a DLC
|b eng
|c MUL
|d OCL
|d YUS
|d NSD
|d DLC
|d NSD
|d DLC
|d RCS
|d AIP
|d NSD
|d AIP
|d HUL
|d OCL
|d AIP
|d NST
|d NSD
|d NST
|d NSD
|d AGL
|d IUL
|d MYG
|d SYS
|d MYG
|d NLM
|d OCLCQ
|d NLGGC
|d LVB
|d NYDWH
|d MYG
|d IUL
|d DLC
|d OCLCQ
|d GUA
|d UKMGB
|d OCLCA
|d OCLCF
|d OCLCO
|d EUW
|d OCLCO
|d OCLCQ
|d OCLCO
|d DOS
|d OCLCO
|d CKK
|d OCLCO
|d NLC
|d OCLCQ
|d OCLCO
|d CPO
|d IUL
|d OCLCA
|d QE2
|d OCLCQ
|d OCLCO
|d WaSeSS
|
| 042 |
|
|
|a nsdp
|a pcc
|
| 050 |
0 |
0 |
|a HB881.A1
|b P65
|
| 060 |
0 |
0 |
|a W1
|b PO643
|
| 070 |
0 |
|
|a 280.8
|b P814
|
| 082 |
0 |
4 |
|a 312.05
|
| 210 |
0 |
|
|a Popul. bull.
|
| 222 |
|
0 |
|a Population bulletin
|
| 245 |
0 |
0 |
|a Population bulletin
|h [electronic resource].
|
| 260 |
|
|
|a [Washington]
|b Population Reference Bureau.
|
| 310 |
|
|
|a Semiannual,
|b 2010-
|
| 321 |
|
|
|a Frequency varies,
|b 1945-2009
|
| 362 |
1 |
|
|a Began with v. 1 (1945).
|
| 506 |
|
|
|a License restrictions may limit access.
|
| 515 |
|
|
|a Some issues for lack designation of month.
|
| 588 |
|
|
|a Latest issue consulted: Vol. 65, no. 1 (Feb. 2010).
|
| 650 |
|
0 |
|a Population
|v Periodicals.
|
| 650 |
|
2 |
|a Population.
|
| 650 |
|
6 |
|a Population
|v Périodiques.
|
| 650 |
|
7 |
|a Population.
|2 fast
|0 (OCoLC)fst01071476
|
| 650 |
1 |
7 |
|a Bevolking.
|2 gtt
|
| 650 |
1 |
7 |
|a POPULATION.
|2 unbist
|
| 655 |
|
0 |
|a Electronic journals.
|
| 710 |
2 |
|
|a Population Reference Bureau.
|
| 780 |
0 |
0 |
|a Population Reference Bureau.
|t Population bulletin
|g 1940-1941
|w (OCoLC)48878763
|
| 850 |
|
|
|a DLC
|a MH-KG
|a MnSU
|a NcRS
|a OU
|
| 853 |
2 |
0 |
|8 1
|a v.
|b no.
|u 2
|v r
|i (year)
|j (month)
|w f
|x 02
|y pm02,08
|
| 856 |
4 |
0 |
|z Full text available from Research Library: 02/01/1988 to present
|u https://search.proquest.com/publication/49189
|
| 863 |
4 |
1 |
|8 1.1
|a 61
|b 1
|i 2010
|j 02
|